| 000 -LEADER |
| fixed length control field |
00547cam a22001577a 4500 |
| 040 ## - CATALOGING SOURCE |
| Transcribing agency |
DSC |
| 082 00 - DEWEY DECIMAL CLASSIFICATION NUMBER |
| Classification number |
363 STA 2000 C156 Or. |
| 245 04 - TITLE STATEMENT |
| Title |
The 100 largest public water supplies in South Carolina--2000 / |
| 260 ## - PUBLICATION, DISTRIBUTION, ETC. (IMPRINT) |
| Place of publication |
[Columbia, S.C.] : |
| Name of publisher |
State of South Carolina, Department of Natural Resources, Land, Water and Conservation Division, |
| Year of publication |
2000. |
| 300 ## - PHYSICAL DESCRIPTION |
| Number of Pages |
iii, 40 p. : |
| Other physical details |
ill., map ; |
| Dimensions |
28 cm. |
| 490 1# - SERIES STATEMENT |
| Series statement |
Water resources report ; |
| 650 #0 - SUBJECT ADDED ENTRY--TOPICAL TERM |
| Topical Term |
Municipal water supply |
| 700 1# - ADDED ENTRY--PERSONAL NAME |
| Personal name |
Newcome, Roy, |
| 710 1# - ADDED ENTRY--CORPORATE NAME |
| Corporate name or jurisdiction name as entry element |
South Carolina. |
| 942 ## - ADDED ENTRY ELEMENTS (KOHA) |
| Koha item type |
ADB |
| 952 ## - LOCATION AND ITEM INFORMATION (KOHA) |
| Withdrawn status [LOCAL, KOHA] |
0 |